000 00497nam a22001817a 4500
005 20260428100854.0
008 260428b |||||||| |||| 00| 0 eng d
020 _a978-93-671-3073-5
050 _aQA 76.73 .J38 H67 2025
100 _aHORSTMANN, CAY S.
245 _aCORE JAVA: VOLUME 1 FUNDAMENTALS.
250 _a13TH
260 _aINDIA,
_bPEARSON,
_c2025.
300 _aXX, 663 P, ILL
500 _aINCLUDES INDEX.
650 _aJAVA ( COMPUTER PROGRAM LANGUAGE)
942 _2lcc
_cBK
999 _c217056
_d217056